JASKYŇA MACHNATÁ

Bibliographic Details
Main Author: Kámen, Svatopluk (Author)
Format: Article
Language:Slovak

MARC

LEADER 00000nab a2200000uu 4500
001 vtls011145775
003 SK-MaSNL
005 20260303145812.0
008 230222| xo |||||||||||||||||slo|
015 |a SNBRB 
035 |a (urnnbn)urn:nbn:sk:snk:ar-008jxz 
035 |a (uuid)c0b4829b-cb49-4971-81f2-4d44da0a3d0d 
035 |a urn:nbn:sk:snk-abawhs 
040 |a SNKBUCL  |b slo  |c SNKBUCL  |e AACR2 
041 0 |a slo 
044 |a xo  |c SK 
100 1 |a Kámen, Svatopluk  |4 aut  |9 1125033 
245 1 0 |a JASKYŇA MACHNATÁ  |c Svatopluk Kámen 
773 0 |t Slovenský kras : sborník Múzea slovenského krasu v Lipt. Mikuláši  |g Roč. 4, č. 1 (1961-1962), s. 70-74 
954 |a odborná, vedecká literatúra pôvodná (slovenská)  |2 lita 
958 |a OND 
958 |a EUIPO 
958 |a article14 
999 |c 2005355  |d 2007285